| 000 | 00360nam a22001457a 4500 | ||
|---|---|---|---|
| 020 |
_a9781259064791 _qPB |
||
| 040 |
_cNUST _dNUST |
||
| 082 |
_a620.163 _bDIE |
||
| 100 |
_aDieter , George E. _918864 |
||
| 245 | _aMECHANICAL METALLURGY \ | ||
| 250 | _a3rd ed. | ||
| 260 |
_aChennai , ; _bMcGraw Hill , _c2016. |
||
| 300 |
_a751 p. ; _b22 cm. |
||
| 942 |
_2ddc _cBK |
||
| 999 |
_c527546 _d527546 |
||